| 000 | 01111nam a22001817a 4500 | ||
|---|---|---|---|
| 005 | 20210414114017.0 | ||
| 008 | 120614t xxu||||| |||| 00| 0 eng d | ||
| 020 | _a8174968970 | ||
| 050 | _aHF5657.4.K64 | ||
| 100 | _aKishore, Ravi M. | ||
| 245 |
_aTaxman's advanced management accounting. / _cRavi M.Kishore |
||
| 250 | _a2nd ed. | ||
| 260 |
_aIndia: _bTaxman Allied Services Ltd, _c2007. |
||
| 300 |
_avarious pagings ; _c24 cm. |
||
| 505 | _aContents: Cost concepts -- Marginal costing -- Break-even and CVP analysis -- Budgeting and budgetary contrl -- Standard costing and variance analysis -- Differential, opportunity and relevant costing -- Joint product and by-products -- Product pricing -- Responsibility accouting -- Transfer pricing -- Capital budgeting -- Decision making under risk and uncertainty -- Cost control and cost reduction -- Training and development of human resources -- Learning curve model -- Activity based costing -- Life cycle costing -- Quality management and capacity management -- Just in time and MRP -- Quantitative techniques. | ||
| 650 | _aAccounting | ||
| 942 |
_2lcc _cBK |
||
| 999 |
_c1338 _d8838 |
||